000 00327 a2200157 4500
001 69306
020 _a8599007254
040 _cAnchieta - Itaigara
100 _aGouveia, Luis Augusto
240 1 0 _aWinnie
_lpor
245 1 0 _aWinnie
300 _a39
362 0 _a2005
650 4 _aLiteratura infanto-juvenil
942 _cBK
999 _c69306
_d69306